000 00767nam a2200193 a 4500
008 120416s1975 ||||||||||||||||| || u
020 _a0070544964
050 _aHF 1411 Sal
100 _aSalvatore, Dominick
245 1 0 _aSchaum's outline of theory and problems of international economics
260 _aNew York:
_bMcGraw-Hill
_c1975
300 _aviii, 191p. : ill.
350 _a0.00
490 _aSchaum's outline series
500 _aIncludes index.
650 0 _aINTERNATIONAL ECONOMIC RELATIONS--OUTLINES, SYLLABI, ETC
650 0 _aINTERNATIONAL ECONOMIC RELATIONS--PROBLEMS, EXERCISES, ETC
995 _D0.00
_FCBU-MAIN LIBRARY (Kitwe)
_H1
_I0.00
_UDAMAGED
_WJun 11, 2009
_ZMain Library Open Access Collection
999 _c57029
_d57029